| 000 | 00810nam a2200205Ia 4500 | ||
|---|---|---|---|
| 999 |
_c36188 _d36188 |
||
| 001 | 2090 | ||
| 003 | GE_BSU | ||
| 005 | 20190506124349.0 | ||
| 008 | 181216s1997||||ge |||||||||||||| ||geo|| | ||
| 040 | _cGE_BSU | ||
| 041 | _ageo | ||
| 080 | _a1 ბ–91 | ||
| 100 |
_aბრეგაძე, ანზორ _9768 |
||
| 245 |
_aრა არის ადამიანი? / _cანზორ ბრეგაძე ; რედ.თამაზ ბუაჩიძე. |
||
| 264 |
_aთბილისი; _c1997. |
||
| 300 |
_a174 გვ. _b19 სმ. |
||
| 653 | _aფილოსოფია | ||
| 710 |
_aფილოსოფიის ინსტიტუტი. _bადამიანთმცოდნეობის და პოლიტოლოგიის ინ–ტი _9769 |
||
| 942 |
_cBK _2udc |
||